Coupes (ou Championnats) du Monde principaux sports co - Statistiques

Statistiques générales
  • Ce quiz a été pris 124 fois
  • Le résultat moyen est 18 sur 43
Statistiques - réponses
Réponse % Correct
Fidji
85%
Samoa
80%
Tonga
78%
Namibie
73%
Géorgie
69%
Lituanie
64%
Inde
60%
Finlande
56%
Qatar
54%
Indonésie (Indes Orientales Néerlandaises)
50%
Venezuela
49%
Honduras
47%
Costa Rica
46%
Biélorussie
45%
Philippines
45%
Thaïlande
45%
Bolivie
44%
Jamaïque
44%
Monténégro
44%
RD Congo (Zaïre)
42%
Zimbabwe
42%
Ghana
41%
Luxembourg
39%
Albanie
38%
Taïwan
38%
Togo
37%
Macédoine
36%
Haïti
35%
Kazakhstan
35%
Mongolie
35%
Salvador
35%
Liban
34%
Malaisie
34%
République Dominicaine
33%
Jordanie
32%
Libye
31%
Trinité-et-Tobago
31%
Emirats Arabes Unis
29%
Bahreïn
22%
Porto Rico
22%
Guinée
18%
République Centrafricaine
15%
Groenland
9%
Aucun quiz correspondant
Distribution des résultats
% des personnes avec chaque résultat
Percentile par nombre de réponses
Votre historique - résultats
Vous n’avez pas pris ce quiz